privacy , authentication , and key management of ipsec protocol / (رقم التسجيلة. 41777)

تفاصيل مارك
000 -LEADER
fixed length control field 017550000a22003490004500
003 - CONTROL NUMBER IDENTIFIER
control field EG-GICUC
005 - DATE AND TIME OF LATEST TRANSACTION
control field 20250223030758.0
008 - FIXED-LENGTH DATA ELEMENTS--GENERAL INFORMATION
fixed length control field 060917s2006 ua a f m 000 0 eng d
040 ## - CATALOGING SOURCE
Original cataloging agency EG-GICUC
Language of cataloging eng
Transcribing agency EG-GICUC
041 0# - LANGUAGE CODE
Language code of text/sound track or separate title Eng
049 ## - LOCAL HOLDINGS (OCLC)
Holding library Deposite
097 ## - Thesis Degree
Thesis Level M.Sc
099 ## - LOCAL FREE-TEXT CALL NUMBER (OCLC)
Classification number Cai01.20.03.M.Sc.2006.Yo.P.
100 0# - MAIN ENTRY--PERSONAL NAME
Personal name Yousra Mohamed Sabry
245 10 - TITLE STATEMENT
Title privacy , authentication , and key management of ipsec protocol /
Statement of responsibility, etc. Yousra Mohamed Sabry ; Suppervised Salwa Saad Algamal , Tarek Abd El Mageed Abd El Aziz , Amr Ahmad Ali Badr
246 15 - VARYING FORM OF TITLE
Title proper/short title تامين بروتوكولات الانترنت من خلال انظمة تحقيق الخصوصية والمصداقية وادارة المفاتيح
260 ## - PUBLICATION, DISTRIBUTION, ETC.
Place of publication, distribution, etc. Cairo :
Name of publisher, distributor, etc. Yousra Mohamed Sabry ,
Date of publication, distribution, etc. 2006
300 ## - PHYSICAL DESCRIPTION
Extent 207P :
Other physical details ill ;
Dimensions 30cm
502 ## - DISSERTATION NOTE
Dissertation note Thesis (M.Sc.) - Cairo University - Faculty Of Computers and Information - Department Of Computer Science
520 ## - SUMMARY, ETC.
Summary, etc. As the Internet evolves from an academic and research network into a commercial network , more and more organizations and individuals are connecting their internal networks and computers to itThe secrecy and integrity of the data transmitted over the Internet have become a primary concern , and cryptographic data encryption and authentication constitute the tools to address this concern
530 ## - ADDITIONAL PHYSICAL FORM AVAILABLE NOTE
Additional physical form available note Issued also as CD
653 #4 - INDEX TERM--UNCONTROLLED
Uncontrolled term Authenticatio
653 #4 - INDEX TERM--UNCONTROLLED
Uncontrolled term Commercisal network
653 #4 - INDEX TERM--UNCONTROLLED
Uncontrolled term Ipsec protocol
700 0# - ADDED ENTRY--PERSONAL NAME
Personal name Amr Ahmad Ali Badr ,
Relator term
700 0# - ADDED ENTRY--PERSONAL NAME
Personal name Salwa Saad Algamal ,
Relator term
700 0# - ADDED ENTRY--PERSONAL NAME
Personal name Tarek Abd El Mageed Abd El Aziz ,
Relator term
856 ## - ELECTRONIC LOCATION AND ACCESS
Uniform Resource Identifier <a href="http://172.23.153.220/th.pdf">http://172.23.153.220/th.pdf</a>
905 ## - LOCAL DATA ELEMENT E, LDE (RLIN)
Cataloger Esam
Reviser Revisor
905 ## - LOCAL DATA ELEMENT E, LDE (RLIN)
Cataloger Fayza
Reviser Cataloger
942 ## - ADDED ENTRY ELEMENTS (KOHA)
Source of classification or shelving scheme Dewey Decimal Classification
Koha item type Thesis
المقتنيات
Source of classification or shelving scheme Not for loan Home library Current library Date acquired Full call number Barcode Date last seen Koha item type
Dewey Decimal Classification   المكتبة المركزبة الجديدة - جامعة القاهرة قاعة الرسائل الجامعية - الدور الاول 11.02.2024 Cai01.20.03.M.Sc.2006.Yo.P. 01010110045202000 22.09.2023 Thesis
Dewey Decimal Classification   المكتبة المركزبة الجديدة - جامعة القاهرة مخـــزن الرســائل الجـــامعية - البدروم 11.02.2024 Cai01.20.03.M.Sc.2006.Yo.P. 01020110045202000 22.09.2023 CD - Rom
Cairo University Libraries Portal Implemented & Customized by: Eng. M. Mohamady Contacts: new-lib@cl.cu.edu.eg | cnul@cl.cu.edu.eg
CUCL logo CNUL logo
© All rights reserved — Cairo University Libraries
CUCL logo
Implemented & Customized by: Eng. M. Mohamady Contact: new-lib@cl.cu.edu.eg © All rights reserved — New Central Library
CNUL logo
Implemented & Customized by: Eng. M. Mohamady Contact: cnul@cl.cu.edu.eg © All rights reserved — Cairo National University Library